Music Quiz

Random Music or Lyrics Quiz

Stand By Me Lyrics Quiz Stats

 Plays Quiz Updated May 1, 2015

Challenge
Share
Tweet
Embed
Score 0/157 Timer 07:00
36 Plays Today
Lyrics % Correct
stand
98.9%
stand,
98.9%
stand
98.9%
Stand
98.9%
stand
98.9%
Stand
98.9%
Stand
98.9%
stand,
98.9%
stand
98.9%
Stand
98.9%
stand
98.9%
stand
98.9%
Stand
98.9%
Stand
98.9%
Stand
98.9%
stand
98.9%
stand
98.9%
Stand
98.9%
Stand
98.9%
stand
98.9%
stand
98.9%
stand
98.9%
Stand,
98.9%
Stand
98.9%
me.
98.8%
me.
98.8%
me.
98.8%
me.
98.8%
me.
98.8%
me.
98.8%
me.
98.8%
me.
98.8%
me.
98.8%
me.
98.8%
me.
98.8%
me.
98.8%
me.
98.8%
me.
98.8%
me.
98.8%
me.
98.8%
me.
98.8%
me.
98.8%
by
98.8%
by
98.8%
by
98.8%
by
98.8%
by
98.8%
by
98.8%
by
98.8%
by
98.8%
by
98.8%
by
98.8%
by
98.8%
Lyrics % Correct
by
98.8%
by
98.8%
by
98.8%
by
98.8%
by
98.8%
by
98.8%
by
98.8%
I
96.5%
I
96.5%
I
96.5%
I
96.5%
I
96.5%
you
95.4%
you
95.4%
you
95.4%
you
95.4%
a
95.3%
the
95.3%
the
95.3%
the
95.3%
the
95.3%
the
95.3%
the
95.3%
the
95.3%
When
94.1%
And
92.6%
And
92.6%
and
92.6%
And
92.6%
And
91.6%
won't
90%
won't
90%
won't
90%
won't
90%
won't
90%
won't
90%
won't
90%
is
89.9%
is
89.9%
Oh
89.9%
Oh,
89.9%
Oh
89.9%
Oh,
89.9%
Oh,
89.9%
Oh,
89.9%
Oh,
89.9%
Oh
89.9%
night
89.6%
darlin',
89.3%
darlin'!
89.3%
darlin'
89.3%
darlin'!
89.3%
darlin'!
89.3%
Lyrics % Correct
darlin'
89.3%
No
86%
No
86%
be
85.6%
be
85.6%
we
83.9%
moon
83.6%
see.
82.9%
as
82.8%
as
82.8%
as
82.8%
as
82.8%
only
82.7%
long
82.1%
long
82.1%
Just
81.5%
Just
81.5%
light
81.4%
afraid
80.7%
afraid.
80.7%
come.
80.2%
has
78.1%
dark.
77%
to
73.7%
tear.
70.6%
land
70.5%
shed
70.1%
So
69.4%
So
68.2%
fall.
67.8%
cry.
64.5%
cry.
64.5%
sea.
63.9%
we'll
63.7%
sky
63.7%
If
63.2%
that
62.8%
crumble
61.1%
look
61.1%
should
60.9%
should
60.9%
upon
59.9%
mountain
58.7%
tumble
58%
in
55.1%
you're
48.1%
now.
39.7%
now.
39.7%
now.
39.7%
trouble
37.7%
Whenever
36.7%

You're not logged in!

Compare scores with friends on all Sporcle quizzes.
OR
Log In

You Might Also Like...

Show Comments

Extras

Top Quizzes Today


Score Distribution

Your Account Isn't Verified!

In order to create a playlist on Sporcle, you need to verify the email address you used during registration. Go to your Sporcle Settings to finish the process.

Report this User

Report this user for behavior that violates our Community Guidelines.

Details: